000
00214 a2200097 4500
001
34141
100
_a
Tyler, David.W
245
_a
Electrical Power Technology
260
_a
Boston
_b
_c
2001
090
_c
22615
_d
22615
942
_a
NUST-CAE
_c
M
_c
14020
999
_c
269214
_d
269214